Decomposition of Retail Loan Growth

Salvato in:
Dettagli Bibliografici
Autore principale: Cesnak, Martin, 1994-
Natura: Capitolo di libro
Lingua:inglese
Tags: Aggiungi Tag
Nessun Tag, puoi essere il primo ad aggiungerne!!

MARC

LEADER 00000naa a2200000 4500
001 0311756
005 20250730172940.0
041 0 |a eng 
044 |a SK 
245 1 0 |a Decomposition of Retail Loan Growth  |c Martin Cesnak 
100 1 |a Cesnak, Martin, 1994-